Development of criteria for acceptable previous cargoes for fats and oils : Report of a joint FAO/WHO technical meeting, Bilthoven, Netherlands 7-9 November 2006. : technical report
সংরক্ষণ করুন:
| সংস্থা লেখক: | |
|---|---|
| বিন্যাস: | গ্রন্থ |
| ভাষা: | Undetermined |
| প্রকাশিত: |
Rome, Italy
FAO
2007
|
| বিষয়গুলি: | |
| ট্যাগগুলো: |
ট্যাগ যুক্ত করুন
কোনো ট্যাগ নেই, প্রথমজন হিসাবে ট্যাগ করুন!
|
| Thư viện lưu trữ: | Trung tâm Học liệu Trường Đại học Cần Thơ |
|---|
| LEADER | 00655nam a2200193Ia 4500 | ||
|---|---|---|---|
| 001 | CTU_130322 | ||
| 008 | 210402s9999 xx 000 0 und d | ||
| 082 | |a 664.3 | ||
| 082 | |b F686 | ||
| 110 | |a FAO | ||
| 245 | 0 | |a Development of criteria for acceptable previous cargoes for fats and oils : | |
| 245 | 0 | |b Report of a joint FAO/WHO technical meeting, Bilthoven, Netherlands 7-9 November 2006. : technical report | |
| 245 | 0 | |c FAO, WHO | |
| 260 | |a Rome, Italy | ||
| 260 | |b FAO | ||
| 260 | |c 2007 | ||
| 650 | |a Oils and fats, Edible,Food contamination | ||
| 650 | |x Transportation,Prevention | ||
| 980 | |a Trung tâm Học liệu Trường Đại học Cần Thơ | ||